Вып. 4 : Материалы этнографические; Очерки Северо-западной Монголии
| Parent link: | Потанин, Г. Н.. Очерки Северо-западной Монголии: результаты путешествия, исполненного в 1876-1877 годах по поручению Императорского Русского географического общества членом сотрудником оного Г. Н. Потаниным. Вып. 4 : Материалы этнографические.— .— Санкт-Петербург: Типография В. Безобразова и Комп, 1881-1883 |
|---|---|
| Huvudupphovsman: | |
| Institutionell upphovsman: | |
| Sammanfattning: | Текст в русской дореформенной орфографии Мраморный обрез Печатано по распоряжению Императорского Русского Географического Общества |
| Språk: | ryska |
| Publicerad: |
1883
|
| Ämnen: | |
| Materialtyp: | Bok |
| KOHA link: | https://koha.lib.tpu.ru/cgi-bin/koha/opac-detail.pl?biblionumber=684180 |
MARC
| LEADER | 00000nam2a2200000 4500 | ||
|---|---|---|---|
| 001 | 684180 | ||
| 005 | 20260306130434.0 | ||
| 090 | |a 684180 | ||
| 100 | |a 20251230d1883 k||y0rusy50 ca | ||
| 101 | 0 | |a rus | |
| 102 | |a RU | ||
| 105 | |a ab z 001yy | ||
| 181 | 0 | |a i |b e | |
| 182 | 0 | |a n | |
| 183 | 0 | |a nc |2 RDAcarrier | |
| 200 | 0 | |a Вып. 4 : Материалы этнографические | |
| 203 | |a Текст |b визуальный |c непосредственный | ||
| 210 | |d 1883 | ||
| 215 | |a [18], 1026 с. |c 26 л. ил. | ||
| 283 | |a volume |2 RDAcarrier | ||
| 300 | |a Текст в русской дореформенной орфографии | ||
| 300 | |a Мраморный обрез | ||
| 300 | |a Печатано по распоряжению Императорского Русского Географического Общества | ||
| 316 | |5 63413507: 397 |a На титульном листе владельческий штамп "Библиотека Сибирского Технологического Института" | ||
| 316 | |5 63413507: 21526 |a На титульном листе владельческий штамп "Библиотека Сибирского Технологического Института" | ||
| 316 | |5 63413507: 21526 |a На титульном листе штамп: «Библиотека Студенческ. Технич. кружка. г. Томскъ» | ||
| 320 | |a Алфавитный указ.: с. 945-1026 | ||
| 461 | 1 | |0 684126 |9 684126 |a Потанин, Г. Н. |t Очерки Северо-западной Монголии |o результаты путешествия, исполненного в 1876-1877 годах по поручению Императорского Русского географического общества членом сотрудником оного Г. Н. Потаниным |c Санкт-Петербург |n Типография В. Безобразова и Комп |d 1881-1883 |v Вып. 4 : Материалы этнографические | |
| 606 | |a Монголия |x История |9 84115 | ||
| 606 | |a Путешествия |9 71554 | ||
| 610 | 1 | |a география | |
| 610 | 1 | |a географические экспедиции | |
| 610 | 1 | |a население | |
| 610 | 1 | |a природа | |
| 610 | 1 | |a Северо-Западная Монголия | |
| 610 | 1 | |a 19 век | |
| 610 | 1 | |a монгольские племена | |
| 610 | 1 | |a тюркские племена | |
| 610 | 1 | |a этнография | |
| 610 | 1 | |a религиозный быт | |
| 610 | 1 | |a семейные обычаи | |
| 610 | 1 | |a общественные обычаи | |
| 610 | 1 | |a внешняя обстановка | |
| 610 | 1 | |a семантика | |
| 610 | 1 | |a памятники древности | |
| 610 | 1 | |a сказки | |
| 610 | 1 | |a легенды | |
| 610 | 1 | |a суеверия | |
| 610 | 1 | |a тюрки | |
| 610 | 1 | |a монголы | |
| 610 | 1 | |a обряды | |
| 675 | |a 910.4 |v 4 | ||
| 686 | |2 rubbk |a Т3(5Мон) | ||
| 700 | 1 | |a Потанин |b Г. Н. |c русский естествоиспытатель |c путешественник |f 1835-1920 |g Григорий Николаевич |9 2489 | |
| 712 | 0 | 2 | |a Императорское Русское географическое общество |c (1850-1917) |4 570 |9 26376 |
| 801 | 0 | |a RU |b 63413507 |c 20251230 | |
| 830 | |a Ретро2025Каталогизация Кузнецова (РФ) | ||
| 850 | |a 63413507 | ||
| 942 | |c BK | ||